Statistics for Characters in Pixar's Coco

Click here to take the quiz!

General Stats

  • This quiz has been taken 175 times
  • The average score is 8 of 17

Answer Stats

HintAnswer% Correct
Great grandmother of aboveCoco
95%
Lead characterMiguel
92%
Great great grandfather of lead character who was murdered and had his music stolen by aboveHector
87%
Famous singer crushed by a bellErnesto de la Cruz
76%
Canine companion who also turns into a spirit guideDante
66%
Wife of above in the land of the deadImelda
62%
Family nameRivera
60%
Husband of above in the land of the deadJulio
44%
Famous real life Mexican artist they meet in the land of the deadFrida Kahlo
43%
Lead character's twin uncle in the land of the deadOscar
34%
Lead character's aunt in the land of the deadRosita
34%
Spirit guide used to find lead characterPepita
33%
The other twin uncle in the land of the deadFelipe
31%
Grandmother of main characterAbuelita
27%
Father of main characterEnrique
15%
Mother of main characterLuisa
13%
He's missing his femur and suffers his final deathChicarron
7%

Score Distribution

Percentile by Number Answered

Percent of People with Each Score

Your Score History

You have not taken this quiz